[Event "IECC CL1-2002.08"]
[Site "IECC email"]
[Date "2002.04.11"]
[Round "?"]
[White "Diaz, Arebrok"]
[Black "Marcotulli, Giancarlo"]
[Result "0-1"]
[WhiteElo "2223"]
[BlackElo "2310"]
[PlyCount "58"]
[EventDate "2002.??.??"]
[EventType "tourn (corr)"]
[EventRounds "4"]
[SourceTitle "Corr 2008"]
[Source "ChessBase"]
[SourceDate "2008.06.24"]
[SourceVersion "1"]
[SourceVersionDate "2008.06.24"]
[SourceQuality "1"]

1. d4 Nf6 2. Nf3 g6 3. c4 Bg7 4. Nc3 0-0 5. e4 d6 6. Be2 c5 7. 0-0 cxd4 8. Nxd4 a6 9. Be3 Nc6 10. f4 Bd7 11. Bf3 Rc8 12. Nb3 Na5 13. Nxa5 Qxa5 14. c5 Rxc5 15. Bxc5 Qxc5+ 16. Kh1 b5 17. Rc1 Qe3 18. g3 b4 19. Re1 Qa7 20. Nb1 h5 21. Rc2 Rc8 22. Rxc8+ Bxc8 23. Qd2 Bh3 24. Re2 Qb6 25. a3 a5 26. Qe1 Nd7 27. axb4 axb4 28. Nd2 Nc5 29. Qg1 Qb5 0-1